00773 2200265 4500001002100000005001700021008004100038020002200079035002500101040001200126082001400138084001600152100002400168245011000192250001100302260003300313300002300346504003000369650002400399700001800423850001200441990001800453990001800471990001800489INLIS00000000001198920151013104305.0  a978-602-978-646-0 a0010-091500000000502 aYOPDYOG 223a004.3 a004.3 Jam T aJAMAL Makmur Asmani aTips efektif pemanfaatan teknologi informasi dan komunikasi dalam dunia pendidikanc/ Jamal Makmur Asmani aCet. 1 aYogyakartabDiva Pressc2011 a336 hlm.c; 20 cm. aBibliografi: hlm. 329-332 aTeknologi Informasi aDION Yulianto aYOPDYOG a50290-PD/A.15 a50291-PD/A.15 a50292-PD/A.15